000 00660cam a2200241 4500
001 J95918
008 090401t1998 xxu||||| |||| 00| 0 eng d
035 _a(Sirsi) u90549
041 _aeng
050 _a333.337
110 _aPannell Kerr Forster
_9232
245 _aUK trends 1998 : performance and profitability of the country`s hotels.
260 _aLondon
_bPannell Kerr Forster
_c1998
300 _a40p. ; 30cm.
350 _a300
520 _aReport sponsored by Robert Barry.
650 _aHOTEL MARKET
650 _aHOTELS
650 _aROBERT BARRY AND CO
690 _aPROPERTY-COMMERCIAL PROPERTY
942 _n0
948 _c06/01/1999
999 _c97564
_d97564